000 00714nam a22001937a 4500
005 20250620121302.0
008 250620b |||||||| |||| 00| 0 eng d
020 _a9789360453220
041 _aEng
082 _a658.8
_bPAR
100 _aParameswaran Ambi
_9212418
245 _aMarketing Mixology: Four Essential Ingredients for Marketing Success
260 _aIndia
_bWestland Business
_c2025
300 _a152
365 _b248.00
_cRs.00
520 _a• The Four Essential Marketing Skills • The Magic Potion: Brand Building • The Wheel: Selling and Negotiation • The Voice: Communication • Summing Up and Planning Ahead • Additional Resources
650 _aMarketing
942 _cBK
999 _c367053
_d367053